000 01048nam a2200229Ia 4500
003 Ost
005 20260507075631.0
008 260507s9999||||xx |||||||||||||| ||und||
020 _a2275723977
040 _cfsecg
041 _aara
082 _a350.15
100 _aعليوة، السيد
_eمؤلف
245 0 _aتحديد الاحتياجات التدريبية /
_c السيد عليوة
260 _aالقاهرة:
_bايتراك للنشر و التوزيع,
_c2001
300 _a181 صفحة؛
_bإيضاحات ؛
_c24 سم
504 _aبيبليوغرافيا : ص.181
520 _aمفاهيم وأساسيات التدريب ، تحديد الإحتياجات التدريبية ، تخطيط نظام التدريب ، الظروف المؤثرة على عقد البرنامج التدريبي ، أساليب التدريب اختيار وتنظيم هيئة التدريب ، متابعة تقيم نشاط التدريب
653 _aالتدريب المهنى-مصر
653 _aتنظيم
942 _cكتاب
999 _c45198
_d45198